Eat to beat diabetes : over 300 scrumptious recipes to help you enjoy life and stay well

Bibliographic Details
Main Author: Webb, Robyn (Author)
Format: Book
Language:English
Published: White Plains, New York : Reader's Digest , c2003
Subjects:

MARC

LEADER 00000cam a2200000 7i4500
001 0000090521
005 20170611093000.0
008 170524s2003 nyu eng
020 |a 9780762108978 
050 0 0 |a RC662   |b .E28 2003 
090 0 0 |a RC662   |b .E28 2003 
245 0 0 |a Eat to beat diabetes :   |b over 300 scrumptious recipes to help you enjoy life and stay well   |c edited by Robyn Webb, M.S. 
260 |a White Plains, New York :   |b Reader's Digest ,   |c c2003 
300 |a 319 p. :   |b ill. (chiefly col.) ;   |c 25 cm. 
650 0 |a Diabetes   |x Diet therapy 
650 0 |a Diabetes   |x Diet therapy   |v Recipes 
700 1 |a Webb, Robyn ,   |e author 
999 |a 1000168089   |b Book   |c OPEN SHELF (30 DAYS)   |e Gong Badak Campus